000 00589nam a2200217Ia 4500
001 1863
003 GE_BSU
008 181216s||||||||xx |||||||||||||| ||und||
020 _a5948797066
040 _cGE_BSU
080 _a343(035)
100 _aДанилов,Е.П.
245 _aСправочник адвоката по уголовным делам
260 _aМосква
260 _bЮрайт
260 _c2007
300 _a710 с. 21 см.
541 _h25 л.
653 _aСправочник адвоката по уголовным делам
942 _cBK
999 _c35964
_d35964